[Event "XVI Festival Conca della Presolana C"]
[Site "Bratto - Castione della Presolana ITA"]
[Date "1996.08.??"]
[Round "6"]
[White "Saccani, Ettore"]
[Black "Majo, Eduardo"]
[Result "1-0"]
[WhiteElo "1582"]
[BlackElo "1426"]
[PlyCount "81"]
[EventDate "1996.08.22"]

1. e4 g6 2. d4 f6 3. Nf3 Nh6 4. Bc4 e6 5. O-O Nf7 6. Nc3 a5 7. Be3 b6 8. Qd2
Bb7 9. Rfe1 Bg7 10. Bf4 O-O 11. Bg3 c6 12. Rad1 d5 13. exd5 exd5 14. Bd3 b5 15.
Re2 Qb6 16. Rde1 a4 17. Re6 Qa5 18. Re7 Bc8 19. Qe2 Na6 20. Re8 Qb4 21. Nd1 Qa5
22. Qe7 Bg4 23. Rxa8 Rxa8 24. Nh4 Bf8 25. Qe3 Bd7 26. c3 Re8 27. Qd2 Be6 28. f4
c5 29. f5 gxf5 30. Bxf5 Qb6 31. Qe2 Ng5 32. Bf4 Bf7 33. Ne3 cxd4 34. cxd4 Qxd4
35. Bxg5 fxg5 36. Nf3 h6 37. Nxd4 Nb4 38. Qxb5 Kg7 39. a3 Na2 40. Ne6+ Bxe6 41.
Qxe8 1-0

[Event "XVI Festival Conca della Presolana C"]
[Site "Bratto - Castione della Presolana ITA"]
[Date "1996.08.??"]
[Round "8"]
[White "Tentori, Giulio"]
[Black "Saccani, Ettore"]
[Result "1/2-1/2"]
[WhiteElo "1600"]
[BlackElo "1582"]
[PlyCount "53"]
[EventDate "1996.08.22"]

1. e4 e6 2. d4 d5 3. Nc3 Bb4 4. e5 c5 5. a3 Bxc3+ 6. bxc3 Ne7 7. Bg5 Nbc6 8.
Nf3 Qa5 9. Bd2 Qa4 10. dxc5 Qe4+ 11. Be2 Nxe5 12. Nxe5 Qxe5 13. O-O Bd7 14. Re1
Qc7 15. Be3 Nf5 16. Bd4 O-O-O 17. a4 e5 18. c6 Bxc6 19. Bg4 exd4 20. Bxf5+ Bd7
21. Bxd7+ Qxd7 22. Qxd4 a6 23. Reb1 Rhe8 24. Rb3 Qc6 25. Rab1 b5 26. axb5 axb5
27. Qd3 1/2-1/2

[Event "I Festival A"]
[Site "Cesenatico ITA"]
[Date "1996.09.??"]
[Round "?"]
[White "Voltolini, Giuseppe"]
[Black "Corvi, Marco"]
[Result "0-1"]
[WhiteElo "2325"]
[BlackElo "2185"]
[PlyCount "90"]
[EventDate "1996.09.01"]

1. e4 Nf6 2. e5 Nd5 3. d4 d6 4. Nf3 Bg4 5. Be2 e6 6. O-O Be7 7. c4 Nb6 8. Nc3
O-O 9. h3 Bh5 10. Be3 d5 11. c5 Bxf3 12. gxf3 Nc8 13. f4 Nc6 14. f5 exf5 15.
Bf3 f4 16. Bxf4 Bg5 17. Qd2 Bxf4 18. Qxf4 N8e7 19. Rad1 Ng6 20. Qe3 Nce7 21.
Bg2 c6 22. f4 Nf5 23. Qd3 Ngh4 24. Bf3 Re8 25. Bg4 g6 26. Ne2 Ng7 27. b4 h5 28.
Bf3 a6 29. Rb1 Nhf5 30. Rb3 Qh4 31. Bg2 Ne6 32. a4 Reb8 33. a5 Rf8 34. Qd2 Rae8
35. Ra3 Ra8 36. Kh2 Kh8 37. Rd3 Kh7 38. Ng3 Nxg3 39. Rxg3 f5 40. Rf2 g5 41.
fxg5 Qxd4 42. g6+ Kg7 43. Qe2 Nf4 44. Qf3 h4 45. Rg5 Kh6 0-1

[Event "I Festival A"]
[Site "Cesenatico ITA"]
[Date "1996.09.??"]
[Round "?"]
[White "Vukovic, Zdravko"]
[Black "Gagliardi, Pietro"]
[Result "1-0"]
[WhiteElo "2475"]
[BlackElo "2165"]
[PlyCount "81"]
[EventDate "1996.09.01"]

1. e4 c6 2. d4 d5 3. Nc3 dxe4 4. Nxe4 Bf5 5. Nc5 b6 6. Nb3 Nf6 7. Nf3 e6 8. g3
Bd6 9. Bg2 O-O 10. O-O h6 11. Re1 Qc7 12. Ne5 a5 13. Nd2 Nd5 14. Ndc4 b5 15.
Nxd6 Qxd6 16. a3 Nd7 17. c4 bxc4 18. Nxc4 Qc7 19. Bd2 a4 20. Rc1 Rfc8 21. Bxd5
cxd5 22. Ne3 Qb7 23. Nxf5 exf5 24. Re7 Rxc1 25. Qxc1 Qb5 26. Qc7 Qxb2 27. Bc1
Qxd4 28. Rxd7 Re8 29. Rd8 Rxd8 30. Qxd8+ Kh7 31. Qc7 Kg6 32. Qf4 Qd1+ 33. Kg2
f6 34. Bd2 Qc2 35. Qd4 Qb3 36. Qc3 Qb5 37. Be3 Kf7 38. Qc2 Qd7 39. h4 h5 40.
Qe2 g6 41. Qa6 1-0

[Event "II Open A"]
[Site "Gioiosa Marea ITA"]
[Date "1996.09.??"]
[Round "?"]
[White "Aleksic, Nenad"]
[Black "Barlov, Dragan"]
[Result "1/2-1/2"]
[WhiteElo "2425"]
[BlackElo "2455"]
[PlyCount "21"]
[EventDate "1996.09.01"]

1. d4 d6 2. c4 Nf6 3. Nc3 g6 4. g3 Bg7 5. Bg2 O-O 6. Nf3 c6 7. O-O Bf5 8. b3
Ne4 9. Nxe4 Bxe4 10. Bb2 d5 11. Qd2 1/2-1/2

[Event "II Open A"]
[Site "Gioiosa Marea ITA"]
[Date "1996.09.??"]
[Round "?"]
[White "Aleksic, Nenad"]
[Black "Martorelli, Antonio"]
[Result "1/2-1/2"]
[WhiteElo "2425"]
[BlackElo "2325"]
[PlyCount "30"]
[EventDate "1996.09.01"]

1. d4 Nf6 2. Nf3 g6 3. Bg5 Bg7 4. Nbd2 O-O 5. c3 d6 6. e3 Nc6 7. Be2 e5 8. O-O
Qe8 9. dxe5 dxe5 10. e4 Be6 11. Qc2 Nd7 12. b4 a6 13. Be3 f6 14. a4 Rf7 15. b5
Na5 1/2-1/2

[Event "II Open A"]
[Site "Gioiosa Marea ITA"]
[Date "1996.09.??"]
[Round "?"]
[White "Aleksic, Nenad"]
[Black "Munafo', Pietro"]
[Result "1-0"]
[WhiteElo "2425"]
[BlackElo "1905"]
[PlyCount "125"]
[EventDate "1996.09.01"]

1. e4 c5 2. Nf3 Nc6 3. d4 cxd4 4. Nxd4 g6 5. Nc3 Bg7 6. Be3 Nf6 7. Bc4 d6 8. h3
O-O 9. Bb3 Qa5 10. O-O Qh5 11. Qxh5 Nxh5 12. Rad1 Nf6 13. Rfe1 Bd7 14. Re2 Rfe8
15. Nf3 h6 16. Bc1 Bf8 17. a3 Rac8 18. Ba2 Ne5 19. Nxe5 dxe5 20. Nd5 Bc6 21. f3
Kg7 22. Be3 b6 23. Nb4 Bb7 24. Red2 e6 25. Nd3 Bd6 26. Bf2 Nh5 27. g4 Nf6 28.
Bg3 Bb8 29. Bxe5 Bxe5 30. Nxe5 Rc5 31. Nd3 Rc7 32. c3 Rd8 33. Ne5 Rxd2 34. Rxd2
Kf8 35. Kf1 Ba6+ 36. Kf2 Ke7 37. Ke3 Bb7 38. h4 g5 39. Rh2 Rc5 40. Nd3 Rc7 41.
hxg5 hxg5 42. e5 Nd5+ 43. Bxd5 exd5 44. Rh5 Ba6 45. Nb4 Bc4 46. Rxg5 a5 47. Nc2
Rc8 48. Nd4 Rh8 49. Rh5 Rg8 50. Rh7 b5 51. e6 Rf8 52. exf7 Rxf7 53. Rxf7+ Kxf7
54. b3 Bf1 55. b4 axb4 56. axb4 Kf6 57. f4 Kg6 58. Kf2 Bd3 59. Kg3 Kf6 60. Kh4
Kg6 61. f5+ Kf6 62. g5+ Ke5 63. g6 1-0

[Event "II Open A"]
[Site "Gioiosa Marea ITA"]
[Date "1996.09.??"]
[Round "?"]
[White "Aleksic, Nenad"]
[Black "Natoli, Domenico"]
[Result "1-0"]
[WhiteElo "2425"]
[BlackElo "1761"]
[PlyCount "65"]
[EventDate "1996.09.01"]

1. e4 c5 2. Nf3 d6 3. d4 cxd4 4. Nxd4 Nf6 5. Nc3 a6 6. Bc4 e6 7. Qe2 Be7 8. Bb3
b5 9. f3 Bb7 10. Be3 Nbd7 11. O-O-O O-O 12. g4 Nc5 13. g5 Nfd7 14. h4 Nxb3+ 15.
axb3 Rc8 16. Kb1 Nc5 17. Qg2 b4 18. Na4 Qa5 19. h5 Nxa4 20. bxa4 Qxa4 21. g6
Bf6 22. gxh7+ Kh8 23. Bg5 Bxg5 24. Qxg5 f6 25. Qg2 Qd7 26. Rhg1 Rf7 27. Qg6 Rc7
28. h6 a5 29. hxg7+ Rxg7 30. Qxf6 Qe7 31. Rxg7 Qxf6 32. Rxc7 Ba6 33. Rg1 1-0

[Event "II Open A"]
[Site "Gioiosa Marea ITA"]
[Date "1996.09.??"]
[Round "?"]
[White "Alfarone, Giovanni"]
[Black "Gaeta, Michele"]
[Result "0-1"]
[WhiteElo "1942"]
[BlackElo "1971"]
[PlyCount "102"]
[EventDate "1996.09.01"]

1. Nf3 d5 2. g3 Nf6 3. Bg2 Bg4 4. d4 e6 5. O-O Be7 6. c4 c6 7. cxd5 exd5 8. Nc3
Nbd7 9. a3 O-O 10. b4 a6 11. h3 Bh5 12. Bf4 Re8 13. Re1 Bg6 14. Nd2 Nh5 15. Be3
Bd6 16. Nf1 Nb6 17. Bc1 Qd7 18. Kh2 Nf6 19. Ra2 Nc4 20. Bg5 Ne4 21. Nxe4 Bxe4
22. f3 Bg6 23. Qc1 a5 24. bxa5 Rxa5 25. a4 b5 26. e4 Rxa4 27. Rxa4 bxa4 28. Nd2
Qc7 29. e5 Ba3 30. Qa1 Bb4 31. Nxc4 dxc4 32. Rc1 c3 33. Qxa4 Qb6 34. Be3 Qb5
35. Qxb5 cxb5 36. Bf1 Rc8 37. Ra1 c2 38. Bxb5 Bc3 39. Ra2 Bxd4 40. Bc1 Bxe5 41.
Bc6 f6 42. Be4 Bxe4 43. fxe4 Rc3 44. Kg2 Rxg3+ 45. Kf2 Rxh3 46. Ke2 Rc3 47. Kd2
h5 48. Bb2 Rc4 49. Bc1 Bf4+ 50. Kd3 Bxc1 51. Kxc4 Bb2 0-1

[Event "II Open A"]
[Site "Gioiosa Marea ITA"]
[Date "1996.09.??"]
[Round "?"]
[White "Alfarone, Giovanni"]
[Black "Militello, Vincenzo"]
[Result "1-0"]
[WhiteElo "1942"]
[BlackElo "1815"]
[PlyCount "103"]
[EventDate "1996.09.01"]

1. d4 d6 2. c4 e5 3. dxe5 dxe5 4. Qxd8+ Kxd8 5. Nc3 c6 6. Bd2 Kc7 7. O-O-O Be6
8. e3 Nd7 9. Ne4 f6 10. f4 exf4 11. exf4 Bf5 12. Ng3 Bg4 13. Re1 Nh6 14. Bd3
Nc5 15. Bc2 Rd8 16. Re3 Bc8 17. h3 Bd6 18. Nf3 Kb8 19. Re2 Ne6 20. Nh5 f5 21.
Rhe1 Rhe8 22. Ng5 Nc7 23. Nxg7 Rxe2 24. Rxe2 Rg8 25. Nh5 Rg6 26. Nxh7 Ng8 27.
Ng5 Rh6 28. Ng7 Ne7 29. Nf7 Rg6 30. Nxd6 Rxg7 31. Bc3 Rh7 32. Bf6 Ng6 33. Nxc8
Nxf4 34. Rf2 Rf7 35. Rxf4 Rxf6 36. Ne7 Ne6 37. Rxf5 Rh6 38. Rf1 Nd4 39. Nf5 Rf6
40. g4 Ne6 41. h4 Ng7 42. g5 Rf7 43. Bd3 Ne6 44. g6 Rd7 45. Kc2 Kc7 46. h5 a5
47. h6 Nc5 48. Rf3 Ne6 49. g7 Rd8 50. h7 Nxg7 51. Nxg7 Rh8 52. Ne6+ 1-0

[Event "II Open A"]
[Site "Gioiosa Marea ITA"]
[Date "1996.09.??"]
[Round "?"]
[White "Alfarone, Giovanni"]
[Black "Pascarelli, Andrea"]
[Result "1/2-1/2"]
[WhiteElo "1942"]
[BlackElo "1848"]
[PlyCount "81"]
[EventDate "1996.09.01"]

1. d4 Nf6 2. Bg5 c5 3. Nf3 cxd4 4. Nxd4 Ne4 5. Bh4 Qb6 6. Nb3 g5 7. Bg3 Bg7 8.
c3 h5 9. N1d2 Nxg3 10. hxg3 d5 11. Nf3 g4 12. Nfd4 Nc6 13. e3 Nxd4 14. exd4 Bf5
15. Bd3 Qe6+ 16. Kf1 b6 17. Qc2 Bg6 18. Re1 Qd6 19. Bb5+ Kf8 20. Qe2 Bf6 21.
Nc1 Kg7 22. Nd3 Be4 23. Nf4 Bg6 24. Ba4 h4 25. Qxg4 hxg3 26. Rxh8 Rxh8 27. Qxg3
Rh4 28. Nh3 Qxg3 29. fxg3 Re4 30. Nf4 Rxe1+ 31. Kxe1 e6 32. Kf2 Bg5 33. Bd1 Bb1
34. a3 Kf8 35. Bg4 Ke7 36. Bh3 Be4 37. Bg4 Bb1 38. Ke3 Kd6 39. Kf2 Ke7 40. Bh3
Be4 41. Ke1 1/2-1/2

[Event "II Open A"]
[Site "Gioiosa Marea ITA"]
[Date "1996.09.??"]
[Round "?"]
[White "Barlov, Dragan"]
[Black "De Santis, Alessio"]
[Result "1-0"]
[WhiteElo "2455"]
[BlackElo "2320"]
[PlyCount "43"]
[EventDate "1996.09.01"]

1. e4 d6 2. d4 Nf6 3. Nc3 c6 4. f4 Qa5 5. Bd3 e5 6. Nf3 Bg4 7. Be3 exd4 8. Bxd4
Qb4 9. Be2 Nxe4 10. O-O d5 11. Nxe4 dxe4 12. c3 Qe7 13. Ne5 Bxe2 14. Qxe2 Nd7
15. Nxd7 Kxd7 16. Rad1 Kc7 17. Be5+ Kb6 18. Qe3+ Ka6 19. Qxe4 b6 20. Rd6 Qxd6
21. Bxd6 Bxd6 22. Qd3+ 1-0

[Event "II Open A"]
[Site "Gioiosa Marea ITA"]
[Date "1996.09.??"]
[Round "?"]
[White "Barlov, Dragan"]
[Black "Mazzarone, Maurizio"]
[Result "1-0"]
[WhiteElo "2455"]
[BlackElo "1911"]
[PlyCount "33"]
[EventDate "1996.09.01"]

1. e4 e6 2. d3 d5 3. Qe2 Nf6 4. Nf3 b6 5. e5 Nfd7 6. g3 c5 7. Bg2 Nc6 8. c4
dxc4 9. dxc4 Bb7 10. O-O Qc7 11. Bf4 Be7 12. Nc3 a6 13. Nd5 Qd8 14. Rad1 exd5
15. cxd5 Ncxe5 16. Nxe5 O-O 17. Nc6 1-0

[Event "II Open A"]
[Site "Gioiosa Marea ITA"]
[Date "1996.09.??"]
[Round "?"]
[White "Bonanzinga, Corrado"]
[Black "Aleksic, Nenad"]
[Result "0-1"]
[WhiteElo "2007"]
[BlackElo "2425"]
[PlyCount "62"]
[EventDate "1996.09.01"]

1. e4 c5 2. Nf3 d6 3. d4 cxd4 4. Nxd4 Nf6 5. Nc3 a6 6. Bc4 e6 7. Bb3 b5 8. O-O
Be7 9. f4 Bb7 10. e5 dxe5 11. fxe5 Bc5 12. Be3 Bxd4 13. Bxd4 Nc6 14. exf6 Qxd4+
15. Qxd4 Nxd4 16. Rae1 Nxb3 17. axb3 Rc8 18. fxg7 Rg8 19. Ne4 Bxe4 20. Rxe4
Rxc2 21. Rg4 Ke7 22. h4 f5 23. Rg3 Kf6 24. Ra1 Rc6 25. Rc3 Rd6 26. Rc7 Rxg7 27.
Rxg7 Kxg7 28. Kf2 Rd2+ 29. Ke3 Rxg2 30. Rxa6 Kf6 31. Rb6 Rg3+ 0-1

[Event "II Open A"]
[Site "Gioiosa Marea ITA"]
[Date "1996.09.??"]
[Round "?"]
[White "Bonanzinga, Corrado"]
[Black "Mazzarone, Maurizio"]
[Result "1-0"]
[WhiteElo "2007"]
[BlackElo "1911"]
[PlyCount "45"]
[EventDate "1996.09.01"]

1. e4 e6 2. d4 d5 3. Nc3 Bb4 4. e5 c5 5. a3 cxd4 6. axb4 dxc3 7. bxc3 Qc7 8.
Nf3 Qxc3+ 9. Bd2 Qc7 10. Bd3 Ne7 11. O-O Ng6 12. Qe2 Nc6 13. Rfe1 O-O 14. b5
Nce7 15. h4 f6 16. Ra4 Nxe5 17. Nxe5 fxe5 18. Qxe5 Qxe5 19. Rxe5 Bd7 20. h5 Nf5
21. c4 dxc4 22. Bxc4 Rfe8 23. Rxf5 1-0

[Event "II Open A"]
[Site "Gioiosa Marea ITA"]
[Date "1996.09.??"]
[Round "?"]
[White "Bonanzinga, Corrado"]
[Black "Napoli Costa, Aurelio"]
[Result "1-0"]
[WhiteElo "2007"]
[BlackElo "2043"]
[PlyCount "57"]
[EventDate "1996.09.01"]

1. e4 c5 2. Nf3 d6 3. d4 cxd4 4. Nxd4 Nf6 5. Nc3 Nc6 6. Bc4 e6 7. Be3 Be7 8.
Bb3 Qc7 9. f4 a6 10. Qf3 Na5 11. f5 Nxb3 12. axb3 O-O 13. g4 Nd7 14. g5 Ne5 15.
Qh3 Bd7 16. Rg1 exf5 17. exf5 Qc8 18. Nd5 Bd8 19. Nf6+ gxf6 20. gxf6+ Ng6 21.
Bg5 Qc5 22. O-O-O Kh8 23. Qh6 Rg8 24. fxg6 fxg6 25. f7 Bxg5+ 26. Rxg5 Rg7 27.
Rxc5 dxc5 28. Nf3 Rxf7 29. Ne5 1-0

[Event "II Open A"]
[Site "Gioiosa Marea ITA"]
[Date "1996.09.??"]
[Round "?"]
[White "Bonanzinga, Corrado"]
[Black "Ragonese, Lucio Rosario"]
[Result "1/2-1/2"]
[WhiteElo "2007"]
[BlackElo "2052"]
[PlyCount "46"]
[EventDate "1996.09.01"]

1. e4 d5 2. exd5 Qxd5 3. Nc3 Qa5 4. d4 Nf6 5. Nf3 Bf5 6. Bd2 c6 7. Bc4 e6 8.
Ne4 Qc7 9. Nxf6+ gxf6 10. Qe2 Be7 11. O-O-O Nd7 12. Nh4 Bg6 13. f4 Nb6 14. Bb3
O-O-O 15. f5 exf5 16. Rhe1 Bd6 17. Qf3 f4 18. Ba5 Rhe8 19. Rxe8 Rxe8 20. Nxg6
fxg6 21. c4 Re3 22. Qf2 Qe7 23. Bd2 Re2 1/2-1/2

[Event "II Open A"]
[Site "Gioiosa Marea ITA"]
[Date "1996.09.??"]
[Round "?"]
[White "Cappadona, Salvatore"]
[Black "Aleksic, Nenad"]
[Result "0-1"]
[WhiteElo "1916"]
[BlackElo "2425"]
[PlyCount "36"]
[EventDate "1996.09.01"]

1. e4 c5 2. Nf3 d6 3. d4 cxd4 4. Nxd4 Nf6 5. Nc3 a6 6. Bg5 e6 7. f4 Qc7 8. Qf3
Bd7 9. f5 Be7 10. O-O-O Nc6 11. Be2 O-O 12. h4 b5 13. Qg3 Rfc8 14. Bh6 Bf8 15.
h5 Nxe4 16. Nxe4 Nxd4 17. Rd2 Qxc2+ 18. Rxc2 Nxe2+ 0-1

[Event "II Open A"]
[Site "Gioiosa Marea ITA"]
[Date "1996.09.??"]
[Round "?"]
[White "Cappadona, Salvatore"]
[Black "Natoli, Domenico"]
[Result "0-1"]
[WhiteElo "1916"]
[BlackElo "1761"]
[PlyCount "117"]
[EventDate "1996.09.01"]

1. e4 c5 2. c3 d5 3. exd5 Qxd5 4. d4 Nf6 5. Nf3 Bg4 6. Be2 e6 7. Na3 a6 8. Nc2
cxd4 9. cxd4 Nc6 10. O-O Qd8 11. Bg5 Be7 12. Ne3 Bh5 13. Bxf6 Bxf6 14. d5 exd5
15. Qxd5 Bg6 16. Rad1 Qc7 17. Qb3 O-O 18. Nd5 Qa5 19. Qxb7 Ne5 20. Nxf6+ gxf6
21. Qd5 Qxd5 22. Rxd5 Be4 23. Rd6 Kg7 24. Nh4 Rfc8 25. f3 Bg6 26. f4 Nc4 27.
Bxc4 Rxc4 28. b3 Rc2 29. a4 Rb2 30. Nxg6 hxg6 31. Rb6 Rc8 32. Kh1 Rc3 33. Rxa6
Rcxb3 34. h3 Rd2 35. Rf3 Rbb2 36. Rg3 Rb4 37. a5 Rxf4 38. Rf3 Rxf3 39. gxf3 Rf2
40. Ra8 Rxf3 41. Kg2 Ra3 42. a6 g5 43. a7 f5 44. Kh2 f4 45. Kg2 f5 46. Kh2 g4
47. hxg4 fxg4 48. Kg2 Ra2+ 49. Kf1 g3 50. Rb8 Rxa7 51. Rb4 Ra1+ 52. Kg2 Ra2+
53. Kg1 Rf2 54. Rb6 f3 55. Rb4 Kf6 56. Rg4 Rg2+ 57. Kf1 Ke5 58. Rg8 Kd4 59.
Rd8+ 0-1

[Event "II Open A"]
[Site "Gioiosa Marea ITA"]
[Date "1996.09.??"]
[Round "?"]
[White "Cappadona, Salvatore"]
[Black "Pascarelli, Andrea"]
[Result "1-0"]
[WhiteElo "1916"]
[BlackElo "1848"]
[PlyCount "47"]
[EventDate "1996.09.01"]

1. e4 e5 2. d4 exd4 3. f4 Nc6 4. Nf3 d5 5. e5 Bg4 6. Nbd2 h5 7. a3 Nh6 8. Bd3
Be7 9. O-O Qd7 10. Qe1 O-O-O 11. b4 a6 12. Nb3 Bf5 13. b5 Nb8 14. bxa6 bxa6 15.
Nfxd4 c5 16. Nxf5 Nxf5 17. Qa5 c4 18. Nc5 Bxc5+ 19. Qxc5+ Kb7 20. Bxf5 Qxf5 21.
Be3 Qd7 22. Rfd1 Rh6 23. Rab1+ Ka8 24. Rxd5 1-0

[Event "II Open A"]
[Site "Gioiosa Marea ITA"]
[Date "1996.09.??"]
[Round "?"]
[White "Cappadona, Salvatore"]
[Black "Ragonese, Lucio Rosario"]
[Result "1/2-1/2"]
[WhiteElo "1916"]
[BlackElo "2052"]
[PlyCount "95"]
[EventDate "1996.09.01"]

1. e4 d5 2. exd5 Qxd5 3. Nc3 Qa5 4. d4 Nf6 5. Nf3 Bf5 6. Bd2 c6 7. Bc4 e6 8. h3
h6 9. O-O Qc7 10. Re1 Nbd7 11. a4 Bd6 12. Bb3 O-O-O 13. a5 g5 14. g4 Bg6 15.
Qe2 h5 16. Ne5 hxg4 17. hxg4 Rh3 18. Kg2 Rdh8 19. Rh1 Rxh1 20. Rxh1 Rxh1 21.
Kxh1 Nxe5 22. dxe5 Bxe5 23. a6 b6 24. f3 Nd7 25. Bxg5 Nc5 26. Kg2 Qd6 27. Qf2
Bd4 28. Qf1 Be5 29. Qe2 Nxb3 30. cxb3 Bxc3 31. bxc3 Qd5 32. Qe3 e5 33. c4 Qd4
34. Kf2 Bc2 35. b4 Bd3 36. c5 Bxa6 37. Qxd4 exd4 38. Bf6 d3 39. Ke3 bxc5 40.
bxc5 Kd7 41. Be5 Bb5 42. Bc3 Ke6 43. Ke4 Bc4 44. f4 Bb5 45. f5+ Ke7 46. g5 Bc4
47. Kd4 Bb5 48. Ke4 1/2-1/2

[Event "II Open A"]
[Site "Gioiosa Marea ITA"]
[Date "1996.09.??"]
[Round "?"]
[White "De Marco, Ivan"]
[Black "De Santis, Alessio"]
[Result "1/2-1/2"]
[WhiteElo "1661"]
[BlackElo "2320"]
[PlyCount "80"]
[EventDate "1996.09.01"]

1. e4 d6 2. d4 Nf6 3. Nc3 c6 4. Nf3 Bg4 5. h3 Bh5 6. Be2 e6 7. Be3 d5 8. e5
Nfd7 9. O-O Be7 10. Nb1 a6 11. a4 O-O 12. Nbd2 f5 13. exf6 Bxf6 14. c4 Bf7 15.
cxd5 exd5 16. Qc2 a5 17. Nb3 Re8 18. Rad1 Na6 19. Bxa6 Rxa6 20. Nc5 Bg6 21. Qc1
Rb6 22. Nxd7 Qxd7 23. Ne5 Bxe5 24. dxe5 Rb4 25. Rd4 Rxe5 26. Rxb4 axb4 27. Qc5
Re4 28. Bd4 Qe7 29. Qb6 h6 30. Bc5 Qd7 31. Bxb4 d4 32. Qc5 d3 33. Rd1 Qe6 34.
Qf8+ Kh7 35. Bc3 Qe7 36. Qxe7 Rxe7 37. f3 Rd7 38. Kf2 Bf7 39. a5 Bb3 40. Rd2 c5
1/2-1/2

[Event "II Open A"]
[Site "Gioiosa Marea ITA"]
[Date "1996.09.??"]
[Round "?"]
[White "De Marco, Ivan"]
[Black "Gaeta, Michele"]
[Result "0-1"]
[WhiteElo "1661"]
[BlackElo "1971"]
[PlyCount "54"]
[EventDate "1996.09.01"]

1. e4 c5 2. Nc3 Nc6 3. f4 g6 4. Nf3 Bg7 5. Bc4 e6 6. a3 d6 7. O-O Nge7 8. d3
O-O 9. Ba2 Nd4 10. Kh1 Nec6 11. Nxd4 Nxd4 12. Ne2 Nxe2 13. Qxe2 Bd7 14. c3 b5
15. Be3 Bc6 16. Rad1 Qc7 17. Qf2 Bd7 18. e5 Rfc8 19. Rc1 Be8 20. d4 cxd4 21.
cxd4 Qd7 22. d5 Rxc1 23. Bxc1 exd5 24. Bxd5 Rc8 25. exd6 Qxd6 26. Bf3 Qc7 27.
Re1 Qxc1 0-1

[Event "II Open A"]
[Site "Gioiosa Marea ITA"]
[Date "1996.09.??"]
[Round "?"]
[White "De Marco, Ivan"]
[Black "Munafo', Pietro"]
[Result "0-1"]
[WhiteElo "1661"]
[BlackElo "1905"]
[PlyCount "98"]
[EventDate "1996.09.01"]

1. e4 c5 2. Nf3 Nc6 3. d4 cxd4 4. Nxd4 g6 5. Nc3 Bg7 6. Be3 Nf6 7. Be2 d6 8.
Qd2 Ng4 9. Bxg4 Bxg4 10. f3 Bd7 11. g4 Ne5 12. b3 Rc8 13. O-O Qa5 14. Nce2 Qxd2
15. Bxd2 Nc6 16. Be3 Nxd4 17. Nxd4 Rc3 18. Bf2 O-O 19. Rac1 Rfc8 20. Kg2 a6 21.
h4 b5 22. Rfd1 Bxd4 23. Rxd4 Rxc2 24. Rxc2 Rxc2 25. a4 f6 26. a5 Kf7 27. b4 Rc4
28. Kg3 Ke8 29. Be3 Kd8 30. Kf2 Kc7 31. Ke2 e5 32. Rxc4+ bxc4 33. Bb6+ Kc6 34.
Kd2 d5 35. exd5+ Kxd5 36. Bd8 f5 37. g5 f4 38. Bb6 Ke6 39. Kc3 Bb5 40. Kd2 Kf5
41. Bf2 e4 42. fxe4+ Kxe4 43. Ke1 Kf3 44. Bd4 Kg2 45. Bc3 f3 46. Bd4 c3 47. Be3
Bd3 48. Bd4 c2 49. Be3 f2+ 0-1

[Event "II Open A"]
[Site "Gioiosa Marea ITA"]
[Date "1996.09.??"]
[Round "?"]
[White "De Marco, Ivan"]
[Black "Scattareggia, Domenico"]
[Result "0-1"]
[WhiteElo "1661"]
[BlackElo "1911"]
[PlyCount "83"]
[EventDate "1996.09.01"]

1. e4 c5 2. Nc3 d6 3. Bc4 e6 4. d3 Nc6 5. a3 Nf6 6. f4 Be7 7. Nf3 O-O 8. O-O a6
9. a4 Qc7 10. Qe1 b6 11. Qg3 Nd4 12. Nxd4 cxd4 13. Ne2 d5 14. exd5 exd5 15. Bb3
Bc5 16. Qg5 Re8 17. Ng3 Bd7 18. Nh5 Nxh5 19. Qxh5 g6 20. Qh4 Re2 21. f5 Bc6 22.
Bh6 Rae8 23. f6 R8e4 24. Bf4 Qd7 25. Rf3 R4e3 26. Bxe3 dxe3 27. d4 Bf8 28. Raf1
Qe6 29. Rh3 h5 30. Qg5 Kh7 31. Rxh5+ Kg8 32. Rh3 Qe4 33. Rg3 Qxd4 34. Qf5 Qh4
35. Qf3 Rf2 36. Rxf2 exf2+ 37. Kh1 Bc5 38. Rxg6+ fxg6 39. Bxd5+ Kh7 40. Bxc6
Qd4 41. Qe2 Qxf6 42. Bf3 0-1

[Event "II Open A"]
[Site "Gioiosa Marea ITA"]
[Date "1996.09.??"]
[Round "?"]
[White "De Santis, Alessio"]
[Black "Bonanzinga, Corrado"]
[Result "1/2-1/2"]
[WhiteElo "2320"]
[BlackElo "2007"]
[PlyCount "125"]
[EventDate "1996.09.01"]

1. d4 Nf6 2. Nf3 g6 3. Nbd2 d5 4. e3 Bg7 5. Be2 O-O 6. b3 c5 7. Bb2 cxd4 8.
exd4 Nc6 9. O-O a6 10. Re1 b5 11. a4 b4 12. Rc1 Qb6 13. Bd3 Bf5 14. Ne5 Bxd3
15. Nxc6 Qxc6 16. cxd3 Qb7 17. Nf3 e6 18. Ne5 Rfc8 19. Rc5 Nd7 20. Nxd7 Qxd7
21. Qc2 Bf8 22. Rc1 Bxc5 23. dxc5 Qe7 24. f4 Rc6 25. Qf2 Rac8 26. d4 h5 27. Re1
Qf6 28. Re5 h4 29. h3 Kh7 30. Bc1 Kg7 31. Bd2 a5 32. Be1 Rh8 33. Qf3 Qd8 34.
Qg4 f6 35. Re3 g5 36. fxg5 fxg5 37. Re5 Qf6 38. Bxh4 Kf7 39. Bxg5 Qg6 40. Qf4+
Ke8 41. Re3 Kd7 42. h4 Re8 43. g4 e5 44. Qf3 exd4 45. Qxd5+ Kc8 46. Qf5+ Ree6
47. Qf8+ Kb7 48. Rf3 Rc7 49. Qd8 Re1+ 50. Kg2 Qe6 51. Qxd4 Re4 52. Qd6 Rxg4+
53. Kh3 Re4+ 54. Qxe6 Rxe6 55. Rf5 Rd7 56. h5 Re4 57. Bf4 Kc6 58. Kg4 Rg7+ 59.
Rg5 Rxg5+ 60. Kxg5 Kxc5 61. h6 Re8 62. Bc7 Kd4 63. h7 1/2-1/2

[Event "II Open A"]
[Site "Gioiosa Marea ITA"]
[Date "1996.09.??"]
[Round "?"]
[White "De Santis, Alessio"]
[Black "Gaeta, Michele"]
[Result "1/2-1/2"]
[WhiteElo "2320"]
[BlackElo "1971"]
[PlyCount "66"]
[EventDate "1996.09.01"]

1. d4 d5 2. Nf3 Nf6 3. e3 Bg4 4. Be2 Nbd7 5. h3 Bh5 6. c4 c6 7. Nc3 e6 8. O-O
Bd6 9. b3 O-O 10. Bb2 Rc8 11. Qc2 Bg6 12. Bd3 e5 13. dxe5 Nxe5 14. Nxe5 Bxe5
15. Rad1 Qc7 16. Rfe1 dxc4 17. bxc4 Rcd8 18. Bxg6 hxg6 19. Qb3 Rxd1 20. Rxd1
Rd8 21. Rxd8+ Qxd8 22. f4 Bxc3 23. Qxc3 Qe7 24. Kh2 b5 25. cxb5 cxb5 26. Qc8+
Kh7 27. Bd4 Nd5 28. Qc6 Nxe3 29. Qxb5 Qe4 30. Bxe3 Qxe3 31. Qc4 Qe7 32. a4 a5
33. Qb5 Qb4 1/2-1/2

[Event "II Open A"]
[Site "Gioiosa Marea ITA"]
[Date "1996.09.??"]
[Round "?"]
[White "Gaeta, Michele"]
[Black "Bonanzinga, Corrado"]
[Result "1/2-1/2"]
[WhiteElo "1971"]
[BlackElo "2007"]
[PlyCount "54"]
[EventDate "1996.09.01"]

1. d4 Nf6 2. Nf3 g6 3. Bg5 Bg7 4. Nbd2 d6 5. e4 Nbd7 6. Bd3 c5 7. c3 O-O 8. O-O
b6 9. Re1 Bb7 10. Qe2 h6 11. Bh4 g5 12. Bg3 Nh5 13. e5 Nxg3 14. hxg3 dxe5 15.
dxe5 Nxe5 16. Nxe5 Bxe5 17. Rad1 Bg7 18. Nf3 Qc7 19. Qxe7 Rac8 20. Bf5 Qxe7 21.
Rxe7 Rb8 22. Rdd7 Bc8 23. Rd5 Bxf5 24. Rxf5 Rbe8 25. Rfxf7 Rxf7 26. Rxe8+ Kh7
27. Ne5 Rf5 1/2-1/2

[Event "II Open A"]
[Site "Gioiosa Marea ITA"]
[Date "1996.09.??"]
[Round "?"]
[White "Gaeta, Michele"]
[Black "Munafo', Pietro"]
[Result "0-1"]
[WhiteElo "1971"]
[BlackElo "1905"]
[PlyCount "49"]
[EventDate "1996.09.01"]

1. d4 Nf6 2. Nf3 g6 3. Bg5 Bg7 4. Nbd2 O-O 5. c3 d6 6. e4 e5 7. h3 h6 8. Be3
exd4 9. cxd4 Re8 10. Bd3 c5 11. O-O cxd4 12. Bxd4 Nc6 13. Bc3 d5 14. exd5 Nxd5
15. Bxg7 Kxg7 16. Bb5 Qf6 17. Qa4 Bf5 18. Bxc6 bxc6 19. Qd4 Re2 20. Qxf6+ Kxf6
21. Rac1 Rc8 22. a3 Bd3 23. Rfe1 Nf4 24. Rc3 Rxe1+ 25. Nxe1 0-1